| 000 | 00920nas a2200313 4500 | ||
|---|---|---|---|
| 001 | BR2014001651 | ||
| 003 | BR-BrBNA | ||
| 005 | 20231205123818.0 | ||
| 007 | ta | ||
| 008 | 230509b bl.|||p| |||| 00| 00por d | ||
| 040 |
_aBR-BrBNA _bpor _cBiblioteca Nacional de Agricultura |
||
| 041 | _a(En) | ||
| 072 | _aJ10 | ||
| 100 | 1 | _aMatos, C. de S.M. de | |
| 100 | 1 | _aBarrocas, E.N. | |
| 100 | 1 | _aMachado, J. da C. | |
| 100 | 1 | _aAlves, F.C. | |
| 245 | 1 | _aHealth and physiological quality of corn seeds treated with fungicides and assessed during storage | |
| 650 | _aMILHO | ||
| 650 | _aSEMENTE | ||
| 650 | _aFUNGO | ||
| 650 | _aQUALIDADE | ||
| 650 | _aFISIOLOGIA VEGETAL | ||
| 650 | _aFUNGICIDA | ||
| 650 | _aARMAZENAMENTO | ||
| 773 | 0 |
_tJournal of Seed Science (Brazil) _xISSN 2317-1537 _g(Mar 2013), v. 35(1) p. 10-16 _wBR2014001651 |
|
| 909 |
_a202311 _bLúcia _c55 _dLúcia Elande |
||
| 942 |
_2AGRIS _n0 _cANA |
||
| 999 |
_c235828 _d235828 |
||